| 000 | 00586nam a22002177a 4500 | ||
|---|---|---|---|
| 005 | 20170124110110.0 | ||
| 010 | _a846966 | ||
| 020 | _c00.00 | ||
| 035 | _a846966 | ||
| 037 | _bCen Lib/Ret | ||
| 040 |
_aDPL _bEN |
||
| 082 |
_aN _bVAN |
||
| 100 |
_aVan De Weltering, Janwillem _929006 |
||
| 245 |
_aThe corpse on the dike / _cby Janwillem Van De Weltering |
||
| 260 |
_aWilliam Heinemann _bLondon _c1977 |
||
| 270 |
_bLondon _a15 Queen Street, Mayfair |
||
| 300 |
_a182p. _c19cm(Hb) |
||
| 650 |
_aliterature _96262 |
||
| 650 |
_aNovels _913976 |
||
| 942 |
_2ddc _cEN _hN _mVAN |
||
| 999 |
_c130360 _d130360 |
||